000 00743nam a2200169 a 4500
008 160229s2011 ||||||||||||||||| || u
020 _a9780123756701
050 _aQR 181 Ose
100 _aLorenzo, Joseph
245 1 0 _aOsteoimmunology: interactions of the immune and skeletal systems
_cEdited by Joseph Lorenzo, Yongwon Choi, Mark Horowitz [and] Hiroshi Takayanagi
260 _aLondon
_bAcademic Press/Elsevier
_c2011
300 _axiii, 453 pages : illustrations
350 _a112.00
650 0 _aMUSCULOSKELETAL SYSTEM
650 0 _aIMMUNOLOGY
995 _aMICHAEL CHILUFYA SATA OPEN ACCESS
_e903361
_FCBU-SCHOOL OF MEDICINE LIBRARY (Ndola)
_I112.00
_jQR 181 Ose
_M1
_UAVAILABLE
_WMar 14, 2016
_y903361
_ZMedical Library Open Access Collection
999 _c32288
_d32288